00503 2200181 4500001002100000005001500021008004100036020002200077035001900099041000700118082000800125090001400133100002200147245006700169260003300236300003700269650001500306INLIS00000000000970120241224113853241224||||||||| | ||| |||| || |  a978-979-756-375-2 0010-1224009701 aid0 a004 a004 WID t0 aThomas Sri Widodo00aTeknologi WiMAX untuk Komunikasi Digital Nirkabel Bidang Lebar aYogyakartabGraha Ilmuc2008 a23x16 cm, viii, 120 hlm.; ilus.: 0aKarya Umum